00493nam a2200193 a 4500001001300000003000900013005001700022008004100039020001200080082001300092100002600105245002400131260003700155300000900192500003500201505001000236650002700246700002600273nice12345678IN_TiNIC20260116012900.0050524s1967 lona grp 000 0 eng  ac509.200a201bWEA aWeatherhead, Leslie D aChristian Agnostic. aLondonbHodder & Stoughtonc1967 a304p aincludes index and biblioraphy2 aIndex aPhilosophical-Theology1 aWeatherhead, Leslie D